Municipios españoles más poblados que comienzan con X y Y - Estadísticas

Estadísticas generales
  • Esta prueba ha sido intentada 306 veces
  • La puntuación promedio es 4 de 12
Estadísticas de respuestas
Población Inicial Municipio Comunidad % Correcto
29.982 X Xàtiva Com. Valenciana
83%
35.491 Y Yecla Murcia
74%
30.249 X Xàbia Com. Valenciana
30%
7.029 X Xixona Com. Valenciana
30%
30.836 X Xirivella Com. Valenciana
28%
17.268 Y Yaiza Canarias
27%
5.906 X Xeraco Com. Valenciana
21%
9.525 X Xinzo de Limia Galicia
21%
5.483 Y Yepes Castilla-La Mancha
16%
12.009 Y Yuncos Castilla-La Mancha
14%
6.263 Y Yeles Castilla-La Mancha
13%
5.201 Y Yebes Castilla-La Mancha
10%
No se encontraron pruebas coincidentes
Distribución de puntuación
Porcentaje de gente con cada puntuación
Porcentaje por número respondido
Historial de tus puntuaciones
No has intentado esta prueba.